Leonel Lucini : [interview].

Esteban Peicovich interviews Argentine movie producer and university professor Leonel Lucini. Lucini currently resides in Brazil and explains why he no longer frequents Argentina. He briefly tells of a couple of friends he has in the country. Lucini shares his morning ritual and talks about how he h...

Full description

Bibliographic Details
Corporate Author: Texas A & M University. Libraries
Other Authors: Peicovich, Esteban (Interviewer)
Format: CD Audio Book
Language:Spanish
Published: [Place of publication not identified] : [publisher not identified] ; [2007]
Series:Colección Los Palabristas ; 603.
Subjects:

MARC

Tag First Indicator Second Indicator Subfields
LEADER 00000cim a2200000Ia 4500
001 in00002781171
005 20151202170853.0
007 sd fungnn|||ee
008 120522s2007 txunnnn t n spa d
035 |a (OCoLC)ocn794078360 
035 |a (OCoLC)794078360 
040 |a TXA  |c TXA  |d UtOrBLW 
043 |a s-ag--- 
049 |a TXAM 
090 |a PQ7081.A1  |b C54 2007 no. 603 
100 1 |a Lucini, Leonel,  |e interviewee. 
245 1 0 |a Leonel Lucini :  |b [interview]. 
264 1 |a [Place of publication not identified] :  |b [publisher not identified] ;  |c [2007] 
300 |a 1 sound disc (57 min., 7 sec.) :  |b digital ;  |c 4 3/4 in. 
306 |a 005707 
336 |a spoken word  |b spw  |2 rdacontent 
337 |a audio  |b s  |2 rdamedia 
338 |a audio disc  |b sd  |2 rdacarrier 
490 1 |a Colección Los Palabristas ;  |v 603 
511 0 |a Interviewer, Esteban Peicovich ; interviewee, Leonel Lucini. 
500 |a Recordable compact disc. 
518 |a Originally broadcast from Buenos Aires, Argentina on August 14, 2000 as a segment of the radio program Los Palabristas. 
520 |a Esteban Peicovich interviews Argentine movie producer and university professor Leonel Lucini. Lucini currently resides in Brazil and explains why he no longer frequents Argentina. He briefly tells of a couple of friends he has in the country. Lucini shares his morning ritual and talks about how he has adapted to life in Brazil. He talks about the disposition of Brazilian and Argentine people. He also talks about Black Slavery. Lucini talks about his work with the Brazilian environment and La defensa de lo indigenista en todo los ordenes. He explains his decline in movie producing and tells of his bedside reading. He reads a poem in Portuguese and Spanish by Murilo Mendes. 
534 |p Reproduction.  |a Lucini, Leonel.  |t Leonel Lucini.  |c [2000]  |e 1 sound cassette : analog. 
500 |a Converted with permission from sound cassette to compact disc by the Texas A&M University Libraries. 
500 |a Sound recording. 
600 1 0 |a Lucini, Leonel  |v Interviews. 
650 0 |a Motion picture producers and directors  |z Argentina  |v Interviews. 
650 0 |a College teachers  |z Argentina  |v Interviews. 
655 7 |a Radio interviews.  |2 lcgft 
655 7 |a Literary readings (Radio programs)  |2 lcgft 
700 1 |a Peicovich, Esteban,  |e host,  |e interviewer. 
710 2 |a Texas A & M University.  |b Libraries. 
730 0 |a Palabristas. 
830 0 |a Colección Los Palabristas ;  |v 603. 
948 |a cataloged  |b h  |c 2012/5/22  |d o  |e jgreene  |f 11:04:59 am 
994 |a C0  |b TXA 
999 |a MARS 
999 f f |s 5d176bb4-5f72-3796-9532-639eb0159a2e  |i 1d3a0325-8a51-32ed-b784-184fd0434525  |t 0 
952 f f |p noncirc  |a Texas A&M University  |b College Station  |c Cushing Memorial Library & Archives  |d Cushing: Area Studies/Hispanic (Does not check out)  |t 0  |e PQ7081.A1 C54 2007 no. 603  |h Library of Congress classification  |i audio -- audio disc  |m A14837891405 
998 f f |a PQ7081.A1 C54 2007 no. 603  |t 0  |l Cushing: Area Studies/Hispanic (Does not check out)